Ciudades perdidas / (Registro nro. 37318)
[ vista simple ]
| 000 -CABECERA | |
|---|---|
| Longitud fija campo de control | 01258cam a2200325 a 4500 |
| 003 - • IDENTIFICADOR DELl NÚMERO DE CONTROL | |
| Identificador del número de control | CO-ViMGA |
| 005 - • FECHA Y HORA DE LA ÚLTIMA TRANSACCIÓN | |
| Fecha y hora de la última transacción | 20230915233613.0 |
| 008 - • CÓDIGOS DE INFORMACIÓN DE LONGITUD FIJA | |
| Códigos de información de longitud fija | 160203r2014 ck a gr 00010 spa d |
| 020 ## - • NÚMERO INTERNACIONAL NORMALIZADO PARA LIBROS | |
| Número Internacional Normalizado para Libros (ISBN) | 9789583044281 |
| 040 ## - FUENTE DE LA CATALOGACIÓN | |
| Centro catalogador de origen | CO-ViMGA |
| Lengua de catalogación | spa |
| Centro transcriptor | CO-ViMGA |
| 082 04 - • NÚMERO DE LA CLASIFICACIÓN DECIMAL DEWEY | |
| Número de clasificación (R) | 913.3 |
| Número del ítem | C78c |
| Número de edición | 21 |
| 100 1# - • PUNTO DE ACCESO PRINCIPAL-NOMBRE DE PERSONA | |
| Nombre de persona | Crummenerl, Rainer. |
| 245 10 - • TITULO PROPIAMENTE DICHO | |
| Título | Ciudades perdidas / |
| Mención de responsabilidad, etc. | Rainer Crummenerl ; ilustrador Nikolai Smirnov, Frank Kliemt ; traductora Amalia Risueño. |
| 250 ## - • MENCIÓN DE EDICIÓN | |
| Mención de edición | Editor Cesar Alberto Cardozo Tovar. |
| 300 ## - • DESCRIPCIÓN FÍSICA | |
| Extensión | 48 páginas : |
| Otras características físicas | ilustraciones,fotografa̕s ; |
| Dimensiones | 28 cm. |
| 490 ## - • MENCIÓN DE SERIE | |
| Mención de serie | como y por que |
| 504 ## - • NOTA DE BIBLIOGRAFÍA, ETC | |
| Nota de bibliografía, etc. | Incluye índice. |
| 534 ## - • Nota De Versión Original | |
| -- | Título original : |
| Título | Versunkene std̃te. |
| 650 14 - • PUNTO DE ACCESO ADICIONAL DE MATERIA - TÉRMINO DE MATERIA | |
| Término de materia o nombre geográfico como elemento inicial | Ciudades y pueblos desaparecidos |
| Subdivisión de forma | Literatura juvenil. |
| 650 14 - • PUNTO DE ACCESO ADICIONAL DE MATERIA - TÉRMINO DE MATERIA | |
| Término de materia o nombre geográfico como elemento inicial | Civilización antigua |
| Subdivisión de forma | Literatura juvenil. |
| 650 14 - • PUNTO DE ACCESO ADICIONAL DE MATERIA - TÉRMINO DE MATERIA | |
| Término de materia o nombre geográfico como elemento inicial | Excavaciones arqueológicas |
| Subdivisión de forma | Literatura juvenil. |
| 650 14 - • PUNTO DE ACCESO ADICIONAL DE MATERIA - TÉRMINO DE MATERIA | |
| Término de materia o nombre geográfico como elemento inicial | Monumentos históricos |
| Subdivisión de forma | Literatura juvenil. |
| 700 1# - • PUNTO DE ACCESO ADICIONAL - NOMBRE DE PERSONA | |
| Nombre de persona | Cardozo, Cesar, |
| Término indicativo de función | editor. |
| 700 1# - • PUNTO DE ACCESO ADICIONAL - NOMBRE DE PERSONA | |
| Nombre de persona | Kliemt, Frank, |
| Término indicativo de función | ilustrador. |
| 700 1# - • PUNTO DE ACCESO ADICIONAL - NOMBRE DE PERSONA | |
| Nombre de persona | Risueño, Amalia, |
| Término indicativo de función | traductor. |
| 700 1# - • PUNTO DE ACCESO ADICIONAL - NOMBRE DE PERSONA | |
| Nombre de persona | Sminov, Nikolai, |
| Término indicativo de función | ilustrador. |
| 942 ## - ENTRADA DE ELEMENTOS AGREGADOS (KOHA) | |
| Fuente de clasificaión o esquema | Dewey Decimal Classification |
| Koha [por defecto] tipo de item | LIbro |
| Perdido | Fuente de clasificación o esquema | Estado Físico | No para préstamo | Forma de adquisición | Localización permanente | Localización actual | Fecha adquisición | Préstamos totales | Signatura completa | Código de barras | Fecha última consulta | Fecha del precio de reemplazo | Tipo de item de Koha |
|---|---|---|---|---|---|---|---|---|---|---|---|---|---|
| Dewey Decimal Classification | Sala General Segundo Piso | Biblioteca Pública Germán Arciniegas - Villavicencio | Biblioteca Pública Germán Arciniegas - Villavicencio | 04/15/2020 | 913.3 C78c | 33291 | 04/15/2020 | 04/15/2020 | LIbro | ||||
| Dewey Decimal Classification | Sala General Segundo Piso | Biblioteca Pública Germán Arciniegas - Villavicencio | Biblioteca Pública Germán Arciniegas - Villavicencio | 04/15/2020 | 913.3 C78c | 33292 | 04/15/2020 | 04/15/2020 | LIbro |